[Event "Santa Margalida Mallorca-ch"]
[Site "Santa Margalida"]
[Date "2016.11.12"]
[Round "2"]
[White "Milla Mercado, Juan Manuel"]
[Black "Martorell Prats, Antonio"]
[Result "0-1"]
[WhiteElo "1268"]
[BlackElo "1593"]
[PlyCount "62"]
[EventDate "2016.11.11"]
[EventType "swiss"]
[EventRounds "8"]
[EventCountry "ESP"]
[SourceTitle "EXT 2018"]
[Source "ChessBase"]
[SourceDate "2017.10.13"]
[SourceVersion "1"]
[SourceVersionDate "2017.10.13"]
[SourceQuality "1"]

1. c4 c5 2. Nc3 Nc6 3. Nf3 Nf6 4. g3 g6 5. Bg2 Bg7 6. 0-0 0-0 7. e4 d6 8. a3 a6 9. d3 Bg4 10. Be3 Ne5 11. h3 Nxf3+ 12. Bxf3 Bxh3 13. Re1 Bc8 14. Rb1 Rb8 15. Nd5 Nd7 16. b4 e6 17. Nf4 b6 18. Ng2 Qc7 19. Qd2 Ne5 20. Be2 Bb7 21. Rb3 Bc6 22. bxc5 bxc5 23. Reb1 Rxb3 24. Rxb3 Ba4 25. Rb1 Nd7 26. d4 Rd8 27. Bd1 Bxd1 28. Qxd1 Nf6 29. Qd3 Ng4 30. Qb3 cxd4 31. Bf4 Ne5 0-1